Statystyki dla 100 najlepszych anglików w EA FC 24

Kliknij tutaj aby rozwiązać quiz!

Ogólne statystyki

  • Ten quiz został rozwiązany 33 razy
  • Średni wynik to 43 z 100

Statystyki odpowiedzi

OverallKlubPozycjaZawodnik% Poprawnych
86Real MadrytŚPJude Bellingham
100%
86ArsenalPSBukayo Saka
97%
90BayernNHarry Kane
97%
85ArsenalŚPDDeclan Rice
93%
85NewcastlePOKieran Trippier
93%
84Manchester CityPOKyle Walker
93%
86LiverpoolPOTrent Alexander-Arnold
93%
85Manchester CityLSJack Grealish
90%
85Manchester CityŚOJohn Stones
90%
85Manchester UnitedLSMarcus Rashford
90%
85Manchester CityLSPhil Foden
90%
83ChelseaLSRaheem Sterling
90%
82EvertonBRJordan Pickford
86%
83Manchester UnitedLOLuke Shaw
86%
84ArsenalBRAaron Ramsdale
83%
84RomaŚOChris Smalling
83%
84AC MilanŚOFikayo Tomori
83%
84ChelseaPOReece James
83%
84TottenhamŚPOJames Maddison
79%
84NewcastleBRNick Pope
79%
80Manchester UnitedPOAaron Wan-Bissaka
76%
81ChelseaLOBen Chilwell
66%
82NewcastleNCallum Wilson
66%
79Crystal PalaceBRDean Henderson
66%
79Manchester UnitedŚOHarry Maguire
66%
82Manchester UnitedLSJadon Sancho
66%
79LiverpoolŚOJoe Gomez
66%
80Al-ShababŚPJordan Henderson
66%
79Manchester CityŚPDKalvin Phillips
66%
81Manchester UnitedŚPOMason Mount
66%
80Aston VillaNOllie Watkins
66%
80ArsenalPOBen White
62%
75ArsenalNEddie Nketiah
59%
78Leicester CityNJamie Vardy
59%
77Nottingham ForestŚPDMorgan Gibbs-White
59%
80RomaNTammy Abraham
59%
81BrightonŚOLewis Dunk
55%
77LiverpoolŚPCurtis Jones
48%
79Aston VillaŚOEzri Konsa
48%
77TottenhamŚOEric Dier
45%
79West HamPPJarrod Bowen
41%
79Aston VillaŚOTyrone Mings
41%
78ChelseaŚPConor Gallagher
38%
79NewcastleŚODan Burn
38%
75BournemouthNDominic Solanke
38%
79Crystal PalaceŚPOEberechi Eze
38%
77LiverpoolŚPOHarvey Elliott
38%
79BrentfordŚOBen Mee
34%
79EvertonŚOJames Tarkowski
34%
78Crystal PalaceŚOMarc Guehi
34%
78NewcastleŚPSean Longstaff
34%
80SportingPSMarcus Edwards
31%
77EvertonŚOMichael Keane
31%
77ChelseaPSNoni Madueke
31%
77TottenhamŚPDOliver Skipp
31%
76EvertonLOAshley Young
28%
76Leicester CityŚOConor Coady
28%
77West HamNDanny Ings
28%
78ArsenalLSEmile Smith-Rowe
28%
80NewcastleLSHarvey Barnes
28%
78Glasgow RangersPOJames Tavernier
28%
78West HamŚPJames Ward-Prowse
28%
78BrentfordLORico Henry
28%
76Crystal PalaceBRSam Johnstone
28%
79BrightonPPSolly March
28%
77ChelseaŚOTrevoh Chalobah
28%
75EvertonŚPDele Alli
24%
77EvertonNDominic Calvert-Lewin
24%
78Aston VillaLPJacob Ramsey
24%
77BrightonŚPJames Milner
24%
77AC MilanŚPRuben Loftus-Cheek
24%
76LilleŚPOAngel Gomes
21%
76AjaxNChuba Akpom
21%
76BrightonNDanny Welbeck
21%
78NewcastleŚPJoseph Willock
21%
76WolverhamptonŚOMax Kilman
21%
75LeedsNPatrick Bamford
21%
76EvertonLPDwight McNeil
17%
76TottenhamBRFraser Forster
17%
76NewcastlePSJacob Murphy
17%
76Leicester CityŚPKiernan Dewsbury-Hall
17%
76Crystal PalaceLOTyrick Mitchell
17%
77West HamLOAaron Cresswell
14%
76BrightonŚPOAdam Lallana
14%
78BrightonŚOAdam Webster
14%
76EvertonLPJack Harrison
14%
75EvertonŚOBen Godfrey
10%
75Nottingham ForestLSCallum Hudson-Odoi
10%
76NewcastleLOMatt Targett
10%
76Crystal PalaceŚORob Holding
10%
75TottenhamLORyan Sessegnon
10%
77WolverhamptonŚOCraig Dawson
7%
76FulhamŚPDHarrison Reed
7%
76Leicester CityLOJames Justin
7%
76SouthamptonPOKyle Walker-Peters
7%
77BurnleyPPNathan Redmond
7%
76FenerbahceLSRyan Kent
7%
75Nottingham ForestŚPDRyan Yates
7%
76Leicester CityLSStephy Mavididi
7%
77FulhamŚOTosin Adarabioyo
7%

Rozkład punktacji

Percentyl według liczby udzielonych odpowiedzi

Procent ludzi z każdym wynikiem

Twoja historia wyników

Nie rozwiązałeś tego quizu